000 00583nam a2200217Ia 4500
003 OSt
005 20221007082910.0
006 a|||||r|||| 00| 0
007 ta
008 221006b |||||||| |||| 00| 0 eng d
024 _a39,734
037 _cDissertations
040 _aFLL
_cFLL
_beng
041 _2eng
_aeng
100 _aJitendra Pratap Singh
_9699772
245 0 _aCompulsory licensing and issues in access tomedicine in Indian perspective
260 _c2011
300 _ad.p.
_ccm.
942 _cDIS
_2CC
999 _c1168119
_d1168119